00517nam a2200169Ia 4500003000400000008004100004040001600045082001800061100004700079245007300126260003200199300001100231490000500242650002800247650003600275650003600311GCL140319s9999 xx 000 0 ara d aGCL / cGCL04a813.03bم و1 aمحمد عبدالحليم عبدالله10aالوجة الاخر / cمحمد عبدالحليم عبدالله a[S.N] : bمكتبة مصر a203 ص a04aالادب العربى04aالمقالات العربية04aالمقالات الادبية